100 największych miast na każdym kontynencie z mapą - Statystyki

Ogólne statystyki
  • Ten quiz został rozwiązany 1 600 razy
    1 597 od ostatniego zresetowania
  • Średni wynik to 151 z 598
Odpowiedzi na mapie
Odpowiedzi zakodowano w zielono-czerwonej skali na mapie do tego quizu, zgodnie z poniższymi procentami.
 
Statystyki odpowiedzi
Kontynent Państwo Populacja Miasto % Poprawnych
Europa Polska 2,47 mln Warszawa
92%
Europa Polska 744 tys. Kraków
87%
Europa Polska 874 tys. Gdańsk
86%
Europa Wielka Brytania 15,1 mln Londyn
86%
Europa Rosja 18,8 mln Moskwa
86%
Europa Niemcy 4,70 mln Berlin
85%
Europa Hiszpania 6,70 mln Madryt
85%
Europa Francja 11,5 mln Paryż
85%
Europa Hiszpania 4,87 mln Barcelona
84%
Ameryka Południowa Wenezuela 737 tys. Barcelona
84%
Europa Ukraina 3,47 mln Kijów
82%
Europa Polska 798 tys. Łódź
82%
Europa Polska 680 tys. Poznań
82%
Europa Włochy 3,42 mln Rzym
82%
Europa Portugalia 2,50 mln Lizbona
81%
Europa Norwegia 1,27 mln Oslo
81%
Europa Irlandia 1,55 mln Dublin
79%
Europa Finlandia 1,56 mln Helsinki
78%
Europa Rosja 6,35 mln Petersburg
78%
Europa Szwecja 2,32 mln Sztokholm
78%
Europa Grecja 3,57 mln Ateny
77%
Europa Białoruś 2,10 mln Mińsk
77%
Europa Holandia 2,57 mln Amsterdam
76%
Azja Turcja 5,20 mln Ankara
76%
Europa Węgry 2,52 mln Budapeszt
76%
Europa Włochy 6,15 mln Mediolan
76%
Ameryka Północna Stany Zjednoczone 21,80 mln Nowy Jork
76%
Europa Portugalia 1,55 mln Porto
76%
Europa Czechy 1,47 mln Praga
76%
Europa Austria 2,37 mln Wiedeń
76%
Europa Rumunia 2,22 mln Bukareszt
75%
Europa Ukraina 782 tys. Lwów
75%
Europa Niemcy 2,30 mln Monachium
75%
Azja Turcja 16,0 mln Stambuł
75%
Europa Turcja 16,0 mln Stambuł
75%
Europa Belgia 2,80 mln Bruksela
74%
Afryka Egipt 22,8 mln Kair
74%
Europa Dania 1,80 mln Kopenhaga
74%
Europa Wielka Brytania 6,10 mln Manchester
73%
Azja Japonia 41,2 mln Tokio
72%
Europa Niemcy 2,90 mln Hamburg
71%
Europa Włochy 4,05 mln Neapol
71%
Europa Bułgaria 1,26 mln Sofia
71%
Europa Chorwacja 691 tys. Zagrzeb
71%
Europa Wielka Brytania 835 tys. Liverpool
70%
Ameryka Północna Stany Zjednoczone 17,10 mln Los Angeles
70%
Europa Francja 1,71 mln Marsylia
70%
Azja Chiny 21,5 mln Pekin
69%
Europa Serbia 1,43 mln Belgrad
68%
Europa Francja 2,05 mln Lyon
68%
Ameryka Północna Meksyk 25,40 mln Meksyk
68%
Ameryka Północna Kanada 1,39 mln Ottawa
67%
Oceania Australia 5,15 mln Sydney
67%
Ameryka Północna Stany Zjednoczone 8,65 mln Waszyngton
67%
Europa Albania 917 tys. Tirana
66%
Europa Włochy 1,59 mln Turyn
66%
Europa Wielka Brytania 1,71 mln Glasgow
64%
Ameryka Północna Stany Zjednoczone 6,30 mln Miami
64%
Afryka Tunezja 2,72 mln Tunis
64%
Ameryka Północna Stany Zjednoczone 9,60 mln Chicago
63%
Europa Niemcy 3,22 mln Frankfurt nad Menem
63%
Europa Ukraina 1,09 mln Odessa
63%
Ameryka Południowa Brazylia 13,6 mln Rio de Janeiro
63%
Europa Holandia 3,45 mln Rotterdam
63%
Ameryka Północna Kanada 7,85 mln Toronto
63%
Afryka Maroko 2,12 mln Rabat
62%
Europa Wielka Brytania 3,97 mln Birmingham
61%
Ameryka Północna Stany Zjednoczone 783 tys. Birmingham
61%
Azja Zjednoczone Emiraty Arabskie 6,05 mln Dubaj
61%
Afryka Algieria 4,32 mln Algier
60%
Ameryka Południowa Argentyna 16,8 mln Buenos Aires
60%
Europa Ukraina 1,58 mln Charków
60%
Europa Włochy 747 tys. Palermo
60%
Europa Grecja 844 tys. Saloniki
60%
Ameryka Południowa Brazylia 3,85 mln Brasília
59%
Azja Korea Południowa 25,2 mln Seul
59%
Europa Hiszpania 1,30 mln Sewilla
59%
Europa Szwajcaria 1,52 mln Zurych
59%
Europa Hiszpania 782 tys. Bilbao
58%
Azja Indie 35,7 mln Delhi
58%
Europa Ukraina 1,39 mln Donieck
58%
Ameryka Południowa Peru 12,0 mln Lima
58%
Ameryka Północna Stany Zjednoczone 7,50 mln San Francisco
58%
Azja Iran 16,8 mln Teheran
58%
Europa Francja 871 tys. Nicea
57%
Europa Hiszpania 1,94 mln Walencja
57%
Ameryka Południowa Kolumbia 10,6 mln Bogota
56%
Azja Azerbejdżan 3,72 mln Baku
55%
Europa Niemcy 698 tys. Drezno
55%
Ameryka Północna Kuba 2,15 mln Hawana
55%
Azja Arabia Saudyjska 7,70 mln Rijad
55%
Azja Chiny 41,6 mln Szanghaj
55%
Europa Włochy 764 tys. Florencja
54%
Europa Niemcy 1,08 mln Lipsk
54%
Ameryka Południowa Chile 8,40 mln Santiago
54%
Afryka Egipt 6,25 mln Aleksandria
53%
Azja Tajlandia 21,8 mln Bangkok
53%
Oceania Australia 503 tys. Canberra
53%
Azja Indonezja 29,5 mln Dżakarta
53%
Afryka Republika Południowej Afryki 14,8 mln Johannesburg
53%
Azja Irak 7,80 mln Bagdad
52%
Azja Syria 3,97 mln Damaszek
52%
Afryka Republika Południowej Afryki 5,10 mln Kapsztad
52%
Ameryka Południowa Brazylia 22,6 mln São Paulo
52%
Ameryka Północna Stany Zjednoczone 7,70 mln Boston
51%
Afryka Maroko 4,45 mln Casablanca
51%
Azja Filipiny 27,8 mln Manila
51%
Azja Japonia 17,7 mln Osaka
51%
Ameryka Północna Panama 1,43 mln Panama
51%
Ameryka Południowa Panama 1,43 mln Panama
51%
Oceania Nowa Zelandia 438 tys. Wellington
51%
Europa Francja 1,16 mln Bordeaux
50%
Europa Szwecja 683 tys. Göteborg
50%
Europa Hiszpania 1,10 mln Malaga
50%
Ameryka Północna Stany Zjednoczone 1,35 mln Melbourne
50%
Oceania Australia 5,20 mln Melbourne
50%
Ameryka Północna Kanada 3,17 mln Vancouver
50%
Europa Belgia 1,27 mln Antwerpia
49%
Ameryka Południowa Wenezuela 3,85 mln Caracas
49%
Afryka Senegal 4,22 mln Dakar
49%
Ameryka Północna Stany Zjednoczone 2,37 mln Las Vegas
49%
Afryka Kenia 6,90 mln Nairobi
48%
Oceania Australia 2,35 mln Perth
48%
Azja Jemen 3,27 mln Sana
48%
Ameryka Północna Stany Zjednoczone 4,47 mln Seattle
48%
Afryka Libia 1,87 mln Trypolis
48%
Azja Chiny 7,50 mln Hongkong
47%
Ameryka Południowa Urugwaj 1,81 mln Montevideo
47%
Azja Indie 27,6 mln Mumbahj
47%
Azja Korea Północna 3,02 mln Pjongjang
47%
Azja Singapur 8,00 mln Singapur
47%
Afryka Madagaskar 3,15 mln Antananarywa
46%
Ameryka Północna Stany Zjednoczone 7,80 mln Dallas
46%
Azja Wietnam 7,35 mln Hanoi
46%
Azja Malezja 9.55 mln Kuala Lumpur
46%
Azja Kuwejt 5,05 mln Kuwejt
46%
Europa Wielka Brytania 2,17 mln Leeds
46%
Europa Wielka Brytania 1,47 mln Newcastle
46%
Oceania Australia 526 tys. Newcastle
46%
Europa Niemcy 2,30 mln Stuttgart
46%
Azja Afganistan 5,25 mln Kabul
45%
Afryka Nigeria 21,3 mln Lagos
45%
Ameryka Południowa Boliwia 1,87 mln La Paz
45%
Ameryka Południowa Ekwador 2,87 mln Quito
45%
Afryka Etiopia 4,82 mln Addis Abeba
44%
Azja Jordania 6,15 mln Amman
44%
Azja Bangladesz 23,1 mln Dhaka
44%
Ameryka Północna Stany Zjednoczone 7,20 mln Houston
44%
Afryka Demokratyczna Republika Konga 16,3 mln Kinszasa
44%
Ameryka Północna Kanada 4,50 mln Montreal
43%
Oceania Nowa Zelandia 1,53 mln Auckland
42%
Afryka Sudan 7,20 mln Chartum
42%
Azja Turcja 3,02 mln Izmir
42%
Europa Rosja 1,56 mln Kazań
42%
Europa Francja 1,32 mln Lille
42%
Azja Tajwan 10,1 mln Tajpej
42%
Ameryka Północna Stany Zjednoczone 5,75 mln Detroit
41%
Europa Ukraina 1,32 mln Dniepr
41%
Ameryka Północna Stany Zjednoczone 7,50 mln Filadelfia
41%
Ameryka Północna Jamajka 990 tys. Kingston
41%
Europa Niemcy 1,12 mln Norymberga
41%
Europa Francja 1,15 mln Tuluza
41%
Ameryka Północna Stany Zjednoczone 6,15 mln Atlanta
40%
Ameryka Północna Stany Zjednoczone 3,87 mln Denver
40%
Europa Niemcy 1,09 mln Hannower
40%
Ameryka Północna Stany Zjednoczone 3,20 mln San Diego
40%
Ameryka Północna Kostaryka 2.45 mln San José
40%
Azja Chiny 72,7 mln Kanton
39%
Europa Hiszpania 707 tys. Saragossa
39%
Europa Rosja 1,08 mln Wołgograd
39%
Azja Chiny 12,6 mln Wuhan
39%
Europa Rosja 1,39 mln Rostów nad Donem
38%
Afryka Nigeria 3,05 mln Abudża
37%
Afryka Somalia 2,25 mln Mogadiszu
37%
Ameryka Północna Gwatemala 3,37 mln Gwatemala
36%
Europa Włochy 687 tys. Katania
36%
Afryka Maroko 1,14 mln Marakesz
36%
Ameryka Północna Stany Zjednoczone 906 tys. Nowy Orlean
36%
Ameryka Północna Stany Zjednoczone 4,95 mln Phoenix
36%
Ameryka Północna Dominikana 3,90 mln Santo Domingo
36%
Afryka Ghana 6,80 mln Akra
35%
Azja Nepal 3,17 mln Katmandu
35%
Afryka Angola 9,65 mln Luanda
35%
Ameryka Południowa Kolumbia 4,35 mln Medellín
35%
Ameryka Północna Haiti 3,05 mln Port-au-Prince
35%
Europa Wielka Brytania 1,17 mln Southampton
35%
Ameryka Południowa Paragwaj 2,35 mln Asunción
34%
Ameryka Północna Stany Zjednoczone 2,25 mln Austin
34%
Europa Włochy 660 tys. Bergamo
34%
Oceania Australia 3,45 mln Brisbane
33%
Oceania Stany Zjednoczone 965 tys. Honolulu
33%
Azja Indie 17,9 mln Kolkata
33%
Azja Uzbekistan 3,85 mln Taszkent
33%
Afryka Tanzania 6,65 mln Dar es Salaam
32%
Ameryka Północna Meksyk 5,95 mln Guadalajara
32%
Azja Pakistan 21,0 mln Karaczi
32%
Europa Rosja 1,37 mln Krasnodar
32%
Europa Rosja 1,62 mln Niżny Nowogród
32%
Europa Ukraina 738 tys. Zaporoże
32%
Ameryka Północna Kanada 1,51 mln Calgary
31%
Ameryka Północna Stany Zjednoczone 2.42 mln Portland
31%
Ameryka Północna Stany Zjednoczone 2,65 mln Salt Lake City
31%
Ameryka Północna Stany Zjednoczone 2,40 mln San Antonio
31%
Ameryka Północna Kanada 1,46 mln Edmonton
30%
Azja Wietnam 14,3 mln Ho Chi Minh
30%
Europa Białoruś 688 tys. Homel
30%
Ameryka Północna Stany Zjednoczone 3,87 mln Orlando
30%
Oceania Papua-Nowa Gwinea 534 tys. Port Moresby
30%
Oceania Australia 1,45 mln Adelaide
29%
Afryka Kongo 2,47 mln Brazzaville
29%
Azja Sri Lanka 4,97 mln Kolombo
29%
Afryka Zambia 3,00 mln Lusaka
29%
Ameryka Północna Stany Zjednoczone 3,22 mln Minneapolis
29%
Ameryka Północna Stany Zjednoczone 2,12 mln Sacramento
29%
Afryka Mali 5,70 mln Bamako
28%
Afryka Uganda 4,30 mln Kampala
28%
Europa Wielka Brytania 1,39 mln Nottingham
28%
Europa Rosja 1,07 mln Perm
28%
Ameryka Północna Kanada 752 tys Quebec
28%
Ameryka Północna Salwador 1,58 mln San Salvador
28%
Ameryka Północna Honduras 1,22 mln Tegucigalpa
28%
Europa Rosja 1,23 mln Ufa
28%
Ameryka Północna Stany Zjednoczone 2,10 mln Indianapolis
27%
Afryka Mozambik 2,57 mln Maputo
27%
Ameryka Północna Meksyk 6,15 mln Monterrey
27%
Europa Wielka Brytania 1,47 mln Sheffield
27%
Ameryka Południowa Brazylia 5,30 mln Belo Horizonte
26%
Afryka Sierra Leone 1,42 mln Freetown
26%
Afryka Zimbabwe 2,67 mln Harare
26%
Ameryka Północna Stany Zjednoczone 2,07 mln Kansas City
26%
Afryka Czad 1,95 mln Ndżamena
26%
Afryka Niger 1,53 mln Niamey
26%
Europa Rosja 1,35 mln Samara
26%
Europa Holandia 907 tys. Utrecht
26%
Ameryka Południowa Wenezuela 2,10 mln Valencia
26%
Azja Chiny 13,4 mln Xi'an
26%
Afryka Erytrea 1,09 mln Asmara
25%
Azja Korea Południowa 3,97 mln Busan
25%
Afryka Kamerun 3,97 mln Jaunde
25%
Afryka Rwanda 1,96 mln Kigali
25%
Afryka Gabon 859 tys. Libreville
25%
Ameryka Północna Stany Zjednoczone 5,05 mln Tampa
25%
Ameryka Południowa Kolumbia 2,97 mln Cali
24%
Ameryka Północna Stany Zjednoczone 2,12 mln Jacksonville
24%
Ameryka Północna Nikaragua 1,40 mln Managua
24%
Afryka Kenia 1,37 mln Mombasa
24%
Ameryka Północna Stany Zjednoczone 1,21 mln Oklahoma City
24%
Ameryka Północna United States (PR) 1,91 mln San Juan
24%
Ameryka Południowa Argentyna 512 tys. San Juan
24%
Ameryka Północna Meksyk 2,30 mln Tijuana
24%
Afryka Wybrzeże Kości Słoniowej 7,05 mln Abidżan
23%
Oceania Stany Zjednoczone 32,8 tys. Kailua-Kona / Holualoa
23%
Afryka Togo 2,62 mln Lomé
23%
Ameryka Południowa Brazylia 2,27 mln Manaus
23%
Afryka Liberia 1,94 mln Monrovia
23%
Azja Japonia 10,5 mln Nagoja
23%
Afryka Mauretania 1,50 mln Nawakszut
23%
Oceania Fidżi 282 tys. Suva
23%
Afryka Burkina Faso 3,42 mln Wagadugu
23%
Ameryka Północna Kanada 774 tys. Winnipeg
23%
Afryka Gambia 1,17 mln Bandżul
22%
Ameryka Północna Stany Zjednoczone 2,65 mln Charlotte
22%
Oceania Australia 137 tys. Darwin
22%
Afryka Republika Południowej Afryki 3,90 mln Durban
22%
Azja Arabia Saudyjska 3,95 mln Dżudda
22%
Afryka Maroko 1,31 mln Fez
22%
Afryka Gwinea 2,97 mln Konakry
22%
Afryka Algieria 1,64 mln Oran
22%
Europa Rosja 1,13 mln Woroneż
22%
Ameryka Północna Meksyk 1,10 mln Cancún
21%
Oceania Nowa Zelandia 387 tys. Christchurch
21%
Europa Niemcy 1,55 mln Mannheim
21%
Azja Chiny 18,1 mln Chengdu
20%
Ameryka Północna Stany Zjednoczone 3,05 mln Cleveland
20%
Ameryka Północna Stany Zjednoczone 1,03 mln El Paso
20%
Afryka Malawi 1,21 mln Lilongwe
20%
Europa Rosja 979 tys. Machaczkała
20%
Ameryka Północna Stany Zjednoczone 1,14 mln Memphis
20%
Ameryka Północna Stany Zjednoczone 1,65 mln Nashville
20%
Ameryka Południowa Brazylia 3,95 mln Porto Alegre
20%
Afryka Maroko 1,41 mln Tanger
20%
Afryka Republika Środkowoafrykańska 1,68 mln Bangi
19%
Azja Indie 14,7 mln Bengaluru
19%
Europa Niemcy 1,08 mln Bielefeld
19%
Ameryka Południowa Argentyna 1,81 mln Córdoba
19%
Afryka Nigeria 5,35 mln Kano
19%
Ameryka Północna Stany Zjednoczone 1,49 mln Milwaukee
19%
Ameryka Południowa Argentyna 1,51 mln Rosario
19%
Ameryka Północna Stany Zjednoczone 2,32 mln Saint Louis
19%
Ameryka Południowa Brazylia 3,4 mln Salvador
19%
Europa Niemcy 1,00 mln Akwizgran
18%
Ameryka Północna Stany Zjednoczone 779 tys. Albuquerque
18%
Azja Indie 12,9 mln Ćennaj
18%
Ameryka Północna Stany Zjednoczone 1,83 mln Columbus
18%
Ameryka Południowa Brazylia 3,82 mln Fortaleza
18%
Oceania Wyspy Salomona 195 tys. Honiara
18%
Ameryka Południowa Brazylia 4,10 mln Recife
18%
Oceania Samoa 68,6 tys. Apia
17%
Ameryka Południowa Brazylia 2,20 mln Belém
17%
Azja Chiny 12,9 mln Chongqing
17%
Oceania Australia 232 tys. Hobart
17%
Ameryka Południowa Brazylia 3,37 mln Kurytyba
17%
Azja Pakistan 14,6 mln Lahaur
17%
Azja Chiny 9,50 mln Nankin
17%
Afryka Republika Południowej Afryki 1,20 mln Port Elizabeth | Gqeberha
17%
Afryka Egipt 822 tys. Port Said
17%
Azja Mjanma 5,65 mln Rangun
17%
Ameryka Północna Stany Zjednoczone 2,02 mln Pittsburgh
16%
Europa Rosja 1,17 mln Saratów
16%
Afryka Maroko 1,27 mln Agadir
15%
Ameryka Północna Stany Zjednoczone 1,41 mln Buffalo
15%
Ameryka Północna Stany Zjednoczone 2,80 mln Cincinnati
15%
Ameryka Południowa Peru 507 tys. Cuzco
15%
Azja Chiny 5,55 mln Harbin
15%
Azja Chiny 5,00 mln Urumczi
15%
Azja Chiny 15,4 mln Xiamen
15%
Oceania Tonga 35,4 tys. Nuku'alofa
14%
Oceania Vanuatu 54,6 tys. Port Vila
14%
Ameryka Południowa Boliwia 1,96 mln Santa Cruz
14%
Azja Chiny 11,7 mln Tiencin
14%
Azja Indie 9,90 mln Ahmadabad
13%
Ameryka Południowa Kolumbia 2,37 mln Barranquilla
13%
Azja Indie 11,7 mln Hajdarabad
13%
Ameryka Północna Meksyk 4,30 mln Puebla
13%
Ameryka Północna Stany Zjednoczone 1,13 mln Richmond
13%
Ameryka Południowa Argentyna 540 tys. Santa Fe
13%
Azja Indonezja 5,95 mln Surabaja
13%
Oceania Kiribati 71,8 tys. Tarawa
13%
Azja Bangladesz 5,05 mln Ćottogram
12%
Ameryka Południowa Ekwador 3,35 mln Guayaquil
12%
Afryka Nigeria 3,40 mln Ibadan
12%
Azja Iran 3,42 mln Isfahan
12%
Ameryka Południowa Wenezuela 2,82 mln Maracaibo
12%
Ameryka Północna Stany Zjednoczone 827 tys. Omaha
12%
Afryka Tanzania 1,03 mln Zanzibar
12%
Azja Chiny 5,40 mln Dalian
11%
Afryka Kamerun 3,90 mln Duala
11%
Ameryka Południowa Kolumbia 1,25 mln Kartagena
11%
Ameryka Północna Meksyk 2,30 mln León
11%
Ameryka Północna Stany Zjednoczone 1,01 mln Louisville
11%
Ameryka Północna Meksyk 1,39 mln Mérida
11%
Ameryka Południowa Brazylia 1,76 mln Santos
11%
Ameryka Północna Stany Zjednoczone 1,02 mln Tucson
11%
Afryka Nigeria 1,79 mln Benin
10%
Ameryka Północna Meksyk 1,07 mln Chihuahua
10%
Ameryka Północna Meksyk 1,64 mln Ciudad Juárez
10%
Ameryka Północna Stany Zjednoczone 1,00 mln Fresno
10%
Afryka Ghana 2,90 mln Kumasi
10%
Azja Indie 8,00 mln Pune
10%
Azja Chiny 7,70 mln Qingdao
10%
Oceania Australia 37 tys. Albany
9%
Azja Indonezja 7,00 mln Bandung
9%
Afryka Burundi 999 tys. Bużumbura
9%
Azja Indie 4,52 mln Dźajpur
9%
Azja Indie 4,22 mln Lucknow
9%
Ameryka Południowa Argentyna 1,18 mln Mendoza
9%
Azja Iran 3,47 mln Meszhed
9%
Ameryka Północna Stany Zjednoczone 1,83 mln Raleigh
9%
Azja Indie 8,05 mln Surat
9%
Afryka Tunezja 1,18 mln Susa
9%
Europa Rosja 731 tys. Togliatti
9%
Ameryka Północna Stany Zjednoczone 1,65 mln Virginia Beach
9%
Ameryka Południowa Peru 1,21 mln Arequipa
8%
Ameryka Południowa Boliwia 1,28 mln Cochabamba
8%
Azja Chiny 4,77 mln Fuzhou
8%
Oceania Nowa Zelandia 184 tys. Hamilton
8%
Azja Chiny 14,6 mln Hangzhou
8%
Europa Rosja 655 tys. Iżewsk
8%
Ameryka Południowa Argentyna 852 tys. La Plata
8%
Azja Indonezja 4,25 mln Medan
8%
Azja Indie 3,57 mln Nagpur
8%
Ameryka Południowa Brazylia 1,36 mln Natal
8%
Azja Chiny 7,60 mln Ningbo
8%
Ameryka Północna Meksyk 2,72 mln Toluca
8%
Ameryka Południowa Chile 1,06 mln Valparaíso
8%
Azja Chiny 10,3 mln Zhengzhou
8%
Oceania Australia 160 tys. Cairns
7%
Azja Chiny 11,5 mln Changsha
7%
Ameryka Południowa Brazylia 2,52 mln Goiânia
7%
Ameryka Północna Stany Zjednoczone 1,68 mln Hartford
7%
Azja Chiny 8,20 mln Hefei
7%
Afryka Benin 2,15 mln Kotonu
7%
Azja Chiny 6,80 mln Kunming
7%
Afryka Demokratyczna Republika Konga 2,87 mln Lubumbashi
7%
Ameryka Północna Meksyk 808 tys. Mexicali
7%
Afryka Nigeria 2,25 mln Port Harcourt
7%
Ameryka Południowa Brazylia 1,53 mln São Luís
7%
Azja Chiny 8,80 mln Shenyang
7%
Ameryka Południowa Peru 999 tys. Trujillo
7%
Afryka Nigeria 1,28 mln Aba
6%
Azja Pakistan 4,12 mln Fajsalabad
6%
Afryka Demokratyczna Republika Konga 1,01 mln Goma
6%
Ameryka Północna Stany Zjednoczone 1,19 mln Greensboro
6%
Ameryka Północna Stany Zjednoczone 1,36 mln Harrisburg
6%
Azja Chiny 6,75 mln Jinan
6%
Azja Indie 3,70 mln Kanpur
6%
Afryka Demokratyczna Republika Konga 1,30 mln Kisangani
6%
Afryka Maroko 735 tys. Meknes
6%
Azja Chiny 5,55 mln Nanning
6%
Oceania Francja (Nowa Kaledonia) 188 tys. Numéa
6%
Azja Pakistan 5,60 mln Rawalpindi
6%
Oceania Australia 186 tys. Townsville
6%
Oceania Australia 313 tys. Wollongong
6%
Afryka Angola 1,42 mln Benguela
5%
Afryka Malawi 906 tys. Blantyre
5%
Ameryka Południowa Brazylia 3,25 mln Campinas
5%
Ameryka Północna Stany Zjednoczone 1,23 mln Cape Coral
5%
Azja Chiny 5,20 mln Changchun
5%
Ameryka Południowa Chile 815 tys. Concepción
5%
Ameryka Południowa Brazylia 500 tys. Americana / Santa Bárbara d'Oeste
5%
Oceania Nowa Zelandia 104 tys. Dunedin
5%
Afryka Somalia 999 tys. Hargejsa
5%
Ameryka Północna Meksyk 770 tys. Hermosillo
5%
Azja Indie 3,75 mln Indore
5%
Afryka Nigeria 1,98 mln Kaduna
5%
Afryka Demokratyczna Republika Konga 2,50 mln Mbuji-Mayi
5%
Ameryka Północna Stany Zjednoczone 1,26 mln McAllen
5%
Afryka Kongo 1,48 mln Pointe-Noire
5%
Ameryka Południowa Argentyna 644 tys. Salta
5%
Ameryka Północna Meksyk 1,41 mln San Luis Potosí
5%
Ameryka Północna Honduras 1,33 mln San Pedro Sula
5%
Azja Chiny 8,05 mln Shantou
5%
Ameryka Północna Stany Zjednoczone 1,28 mln Stockton
5%
Oceania Australia 407 tys. Sunshine Coast
5%
Afryka Ghana 999 tys. Tamale
5%
Afryka Senegal 1,32 mln Touba
5%
Afryka Egipt 993 tys. Al-Mansura
4%
Afryka Tanzania 1,19 mln Arusza
4%
Ameryka Południowa Wenezuela 1,36 mln Barquisimeto
4%
Ameryka Południowa Brazylia 470 tys. Boa Vista
4%
Afryka Burkina Faso 1,10 mln Bobo-Dioulasso
4%
Ameryka Południowa Kolumbia 1,38 mln Bucaramanga
4%
Afryka Demokratyczna Republika Konga 1,10 mln Bukavu
4%
Ameryka Południowa Wenezuela 789 tys. Ciudad Guayana
4%
Azja Indie 3,07 mln Coimbatore
4%
Ameryka Południowa Brazylia 997 tys. Cuiabá
4%
Ameryka Północna Meksyk 1,00 mln Culiacán
4%
Ameryka Południowa Paragwaj 923 tys. Ciudad del Este / Foz do Iguaçu
4%
Oceania Francja (Polinezja Francuska) 137 tys. Papeete / Faaa / Punaauia
4%
Ameryka Północna Stany Zjednoczone 840 tys. Sarasota / Bradenton
4%
Afryka Nigeria 1,11 mln Dżos
4%
Afryka Nigeria 1,01 mln Enugu
4%
Ameryka Południowa Brazylia 1,26 mln Florianópolis
4%
Oceania Australia 302 tys. Geelong
4%
Ameryka Północna Stany Zjednoczone 1,02 mln Greenville
4%
Azja Pakistan 3,45 mln Gudźranwala
4%
Oceania Stany Zjednoczone 41,1 tys. Hilo
4%
Afryka Nigeria 1,16 mln Ilorin
4%
Oceania Indonezja 374 tys. Jayapura
4%
Afryka Demokratyczna Republika Konga 1,37 mln Kananga
4%
Afryka Zambia 779 tys. Kitwe
4%
Oceania Papua-Nowa Gwinea 218 tys. Lae
4%
Azja Chiny 3,57 mln Lanzhou
4%
Ameryka Południowa Brazylia 605 tys. Macapá
4%
Ameryka Południowa Wenezuela 1,48 mln Maracay
4%
Ameryka Południowa Argentyna 626 tys. Mar del Plata
4%
Oceania Indonezja 138 tys. Merauke
4%
Afryka Tanzania 1,34 mln Mwanza
4%
Azja Chiny 5,15 mln Nanchang
4%
Afryka Sudan 965 tys. Nyala
4%
Oceania Australia 81,9 tys. Rockhampton
4%
Ameryka Północna Meksyk 1,14 mln Saltillo
4%
Ameryka Południowa Wenezuela 508 tys. San Cristóbal
4%
Ameryka Południowa Argentyna 1,11 mln San Miguel de Tucumán
4%
Ameryka Południowa Kolumbia 505 tys. Santa Marta
4%
Afryka Nigeria 1,14 mln Sokoto
4%
Afryka Egipt 731 tys. Tanta
4%
Ameryka Południowa Brazylia 1,04 mln Teresina
4%
Ameryka Południowa Brazylia 1,87 mln Vitória
4%
Afryka Nigeria 999 tys. Warri
4%
Azja Chiny 7,00 mln Wenzhou
4%
Afryka Nigeria 1,05 mln Zaria
4%
Azja Chiny 3,97 mln Zibo
4%
Ameryka Północna Meksyk 1,25 mln Aguascalientes
3%
Oceania Australia 100 tys. Albury
3%
Ameryka Południowa Brazylia 954 tys. Campo Grande
3%
Oceania Australia 348 tys. Central Coast
3%
Ameryka Południowa Peru 683 tys. Chiclayo
3%
Ameryka Południowa Kolumbia 1,13 mln Cúcuta
3%
Ameryka Północna Meksyk 1,22 mln Cuernavaca
3%
Oceania Australia 41 tys. Geraldton
3%
Azja Chiny 5,30 mln Guiyang
3%
Ameryka Południowa Kolumbia 512 tys. Ibagué
3%
Ameryka Południowa Brazylia 1,21 mln João Pessoa
3%
Oceania Australia 30,5 tys. Kalgoorlie
3%
Oceania Australia 93,3 tys. Launceston
3%
Azja Chiny 4,65 mln Linyi
3%
Azja Chiny 3,75 mln Luoyang
3%
Ameryka Południowa Brazylia 1,22 mln Maceió
3%
Oceania Australia 88,1 tys. Mackay
3%
Oceania Papua-Nowa Gwinea 52,8 tys. Madang
3%
Afryka Nigeria 1,19 mln Maiduguri
3%
Oceania Australia 54,4 tys. Mildura / Buronga
3%
Ameryka Północna Meksyk 1,06 mln Morelia
3%
Afryka Mozambik 709 tys. Nampula
3%
Azja Chiny 3,47 mln Nantong
3%
Oceania Nowa Zelandia 68,4 tys. Napier
3%
Oceania Nowa Zelandia 52,0 tys. Nelson
3%
Oceania Nowa Zelandia 59,9 tys. New Plymouth
3%
Afryka Nigeria 1,23 mln Onitsha
3%
Afryka Nigeria 793 tys. Osogbo
3%
Ameryka Południowa Kolumbia 633 tys. Pereira
3%
Ameryka Południowa Peru 563 tys. Piura
3%
Ameryka Południowa Brazylia 539 tys. Porto Velho
3%
Afryka Ghana 999 tys. Sekondi-Takoradi
3%
Azja Chiny 6,45 mln Shijiazhuang
3%
Azja Chiny 6,15 mln Taiyuan
3%
Oceania Nowa Zelandia 162 tys. Tauranga
3%
Oceania Australia 149 tys. Toowoomba
3%
Ameryka Północna Meksyk 1,44 mln Torreón
3%
Ameryka Południowa Brazylia 754 tys. Uberlândia
3%
Afryka Nigeria 999 tys. Uyo
3%
Ameryka Południowa Kolumbia 499 tys. Valledupar
3%
Oceania Australia 57,8 tys. Wagga Wagga
3%
Azja Chiny 3,32 mln Weifang
3%
Azja Chiny 3,15 mln Xuzhou
3%
Afryka Nigeria 840 tys. Abeokuta
2%
Afryka Egipt 942 tys. Al-Mahalla al-Kubra
2%
Ameryka Południowa Brazylia 999 tys. Aracajú
2%
Oceania Australia 116 tys. Ballarat
2%
Oceania Australia 47,1 tys. Ballina
2%
Oceania Australia 104 tys. Bendigo
2%
Azja Indie 3,37 mln Bhilaj
2%
Ameryka Południowa Brazylia 552 tys. Blumenau
2%
Oceania Australia 81,3 tys. Bunbury
2%
Oceania Australia 77,2 tys. Bundaberg
2%
Oceania Australia 43,8 tys. Busselton
2%
Ameryka Południowa Wenezuela 486 tys. Cabimas
2%
Ameryka Południowa Brazylia 549 tys. Campina Grande
2%
Ameryka Południowa Brazylia 557 tys. Campos dos Goytacazes
2%
Ameryka Południowa Brazylia 557 tys. Caxias do Sul
2%
Oceania Australia 75,8 tys. Coffs Harbour
2%
Oceania Stany Zjednoczone (Guam) 128 tys. Dededo
2%
Oceania Australia 32,8 tys. Devonport
2%
Oceania Australia 54,4 tys. Shepparton / Mooroopna
2%
Ameryka Południowa Brazylia 486 tys. Volta Redonda / Barra Mansa
2%
Oceania Australia 41,8 tys. Dubbo
2%
Ameryka Południowa Brazylia 657 tys. Feira de Santana
2%
Oceania Nowa Zelandia 38,6 tys. Gisborne
2%
Oceania Australia 47,2 tys. Gladstone
2%
Oceania Nowa Zelandia 51,6 tys. Hastings
2%
Oceania Australia 60,8 tys. Hervey Bay
2%
Oceania Nowa Zelandia 51,0 tys. Invercargill
2%
Ameryka Południowa Brazylia 705 tys. Joinville
2%
Ameryka Południowa Brazylia 521 tys. Juazeiro do Norte
2%
Ameryka Południowa Brazylia 590 tys. Juiz de Fora
2%
Oceania Stany Zjednoczone 57,5 tys. Kahului / Wailuku
2%
Oceania Papua-Nowa Gwinea 33,6 tys. Kimbe
2%
Oceania Fidżi 75,.3 tys. Lautoka
2%
Ameryka Południowa Brazylia 1,05 mln Londrina
2%
Ameryka Południowa Kolumbia 500 tys. Manizales
2%
Oceania Indonezja 68,6 tys. Manokwari
2%
Ameryka Południowa Brazylia 708 tys. Maringá
2%
Oceania Australia 30,5 tys. Mount Gambier
2%
Oceania Papua-Nowa Gwinea 48,1 tys. Mount Hagen
2%
Oceania Indonezja 107 tys. Nabire
2%
Oceania Fidżi 74,7 tys. Nadi
2%
Afryka Nigeria 999 tys. Nsukka
2%
Oceania Australia 42,6 tys. Orange
2%
Oceania Nowa Zelandia 83,1 tys. Palmerston North
2%
Ameryka Południowa Brazylia 668 tys. Petrolina / Juazeiro
2%
Oceania Australia 51,9 tys. Port Macquarie
2%
Ameryka Północna Meksyk 1,75 mln Querétaro Arteaga
2%
Ameryka Południowa Brazylia 896 tys. Ribeirão Preto
2%
Oceania Nowa Zelandia 59,3 tys. Rotorua
2%
Oceania Indonezja 56,9 tys. Serui
2%
Ameryka Południowa Brazylia 986 tys. Sorocaba
2%
Oceania Indonezja 185 tys. Sorong
2%
Oceania Australia 45,4 tys. Tamworth
2%
Oceania Indonezja 170 tys. Timika
2%
Afryka Demokratyczna Republika Konga 936 tys. Tshikapa
2%
Ameryka Południowa Kolumbia 541 tys. Villavicencio
2%
Oceania Indonezja 59,8 tys. Wamena
2%
Oceania Papua-Nowa Gwinea 55,5 tys. Wewak
2%
Oceania Nowa Zelandia 43,6 tys. Whanganui
2%
Oceania Nowa Zelandia 56,2 tys. Whangārei
2%
Oceania Australia 38,3 tys. Bathurst
1%
Oceania Nowa Zelandia 29,7 tys. Blenheim
1%
Oceania Australia 41,9 tys. Bowral / Mittagong
1%
Ameryka Południowa Brazylia 759 tys. Itajaí / Balneário Camboriú
1%
Oceania Stany Zjednoczone (Mariany Północne) 36,9 tys. Garapan
1%
Oceania Papua-Nowa Gwinea 33,5 tys. Goroka
1%
Oceania Nowa Zelandia 61,4 tys. Hibiscus Coast
1%
Ameryka Południowa Brazylia 536 tys. Ipatinga
1%
Azja Chiny 3,20 mln Jiangyin
1%
Ameryka Południowa Brazylia 875 tys. Jundiaí
1%
Oceania Indonezja 32,7 tys. Kaimana Kota
1%
Ameryka Południowa Brazylia 516 tys. Macaé / Rio das Ostras
1%
Oceania Australia 39,7 tys. Nowra / Bomaderry
1%
Oceania Nowa Zelandia 31,1 tys. Paraparaumu
1%
Ameryka Południowa Brazylia 495 tys. Piracicaba
1%
Ameryka Południowa Brazylia 688 tys. São José do Rio Preto
1%
Ameryka Południowa Brazylia 1,09 mln São José dos Campos
1%
Oceania Indonezja 68,7 tys. Sentani
1%
Oceania Stany Zjednoczone(Samoa Amerykańskie) 37,6 tys. Tafuna
1%
Oceania Australia 43,7 tys. Traralgon
1%
Oceania Australia 45,5 tys. Warragul
1%
Oceania Australia 32,2 tys. Warrnambool
1%
Nie znaleziono quizów pasujących do podanych kryteriów
Rozkład punktacji
Procent ludzi z każdym wynikiem
Percentyl według liczby udzielonych odpowiedzi
Twoja historia wyników
Nie rozwiązałeś tego quizu od ostatniego zresetowania